Responses for Show #3223 - Wednesday, September 16, 1998

Lance Johnson game 1.

Contestants

[<< previous game]

Lance Johnson, an event coordinator from Champaign, Illinois

Jenny Park, a software developer from Los Angeles, California

Anne Lanctot, a graduate student from Littleton, Colorado (whose 1-day cash winnings total $13,100)

[next game >>]

Jeopardy! Round responses

STATE CAPITALS
AUTOMOBILE LOGOS
HEALTH & MEDICINE
SNL ALUMNI
ENVIRONMENTAL GROUPS
MUSICALS IN OTHER WORDS
    $100 1
Little Rock

Jenny
    $100 7
Volkswagen

Anne
    $100 6
Rubella

Lance
    $100 16
Eddie Murphy

Lance
    $100 21
Wildlife

Jenny
    $100 26
(Jenny: What is Madame Butterfly?)

The Lion King

AnneJenny
    $200 2
Sacramento

Lance
    $200 11
Honda

Lance
    $200 8
Malaria

Anne
    $200 17
Jane Curtin

Lance
    $200 22
The Audubon Society

Jenny
    $200 30
Chicago

Lance
    $300 3
Boise

Anne
    $300 12
Jaguar

Lance
    $300 9
Mononucleosis

Anne
    $300 18
Martin Short

Lance
    $300 23
(Alex: Less than a minute to go.)

the Sierra Club

Anne
    $300 29
Phantom of the Opera

Jenny
    $500 4
Baton Rouge, Louisiana

Anne
    $400 13
(Jenny: What is Infiniti?)

Toyota

JennyLance
    $400 10
Plasma

Lance
    $400 19
Chris Rock

Anne
    $400 24
Greenpeace

Lance
    $400 28
Bye Bye Birdie

Lance
    $500 5
Atlanta

Jenny
    $500 14
Mitsubishi

Anne
    $500 15
Chicken pox

Jenny
    $500 20
Joan Cusack

Jenny
    $500 25
The Nature Conservancy

Triple Stumper
    $500 27
George M!

Triple Stumper

Scores at the first commercial break (after clue 14):

Anne Jenny Lance
$1,900 $200 $1,600

Scores at the end of the Jeopardy! Round:

Anne Jenny Lance
$2,700 $1,700 $3,200

Double Jeopardy! Round responses

AMERICAN LITERATURE
DIRECTORS
THE BOSTON TEA PARTY
IS THERE A DOCTOR IN THE HOUSE?
DEAD LINES
THE GREAT "BEYOND"
    $200 3
(Alex: Now remember, ladies and gentlemen, if you were watching yesterday, this lady says she wants to get everybody in America to read [*]. Coincidence? Coincidence I said!)

Moby-Dick

Anne
    $200 1
John Huston

Lance
    $200 2
American Indians

Anne
    $200 20
(Anne: Who is Linus Pauling?)
...
(Alex: Less than a minute.)

Jonas Salk

AnneLance
    $200 16
Mark Twain

Lance
    $200 26
"Beyond Thunderdome"

Anne
    $400 4
The Maltese Falcon

Lance
    $400 8
Steven Spielberg

Jenny
    $400 12
Paul Revere

Lance
    $400 21
Hippocrates

Jenny
    $400 17
Hamlet

Anne
    $400 27
[The end-of-round signal sounds.]

beyond a reasonable doubt

Jenny
    $600 5
The Last of the Mohicans

Lance
    $1,500 9
(Jenny: What is The Birds?)

Rebecca

Jenny
    $1,000 13
Samuel Adams

Lance
    $600 22
Sir Arthur Conan Doyle

Triple Stumper
    $600 18
"For Whom The Bell Tolls"

Jenny
    $800 6
The Jungle

Jenny
    $800 10
George C. Scott

Lance
    $800 14
Intolerable Acts

Lance
    $800 23
Elizabeth Blackwell

Anne
    $800 19
(Anne: What is kill?)
(Alex: Be more specific... no.)

"Kill the thing he loves"

Anne
Triple Stumper
    $1000 7
My Ántonia

Anne
    $1000 11
Noel Coward

Lance
    $1000 15
British East India Company

Lance
    $1000 24
Luigi Galvani

Triple Stumper
    $1000 25
Ivan Turgenev

Jenny

Scores at the end of the Double Jeopardy! Round:

Anne Jenny Lance
$4,500 $3,800 $9,800
(lock game)

[wagering suggestions for these scores]

Final Jeopardy! Round responses

VOLCANOES
JennyWhat is Australia?
$2,400
AnneWhat is Antarctica?
$2,000
LanceWhat is Australia?
$799
Australia

Final scores:

Anne Jenny Lance
$2,500 $6,200 $10,599
3rd place: Samsung Impax 300i Contact Zoom APS Camera 2nd place: Daewoo 19-inch Color TV/VCR system & Broyhill Entertainment Armoire New champion: $10,599

Game dynamics:

Coryat scores:

Anne Jenny Lance
$4,400 $5,300 $9,400
15 R
(including 1 DD),
2 W
13 R,
3 W
(including 1 DD)
23 R
(including 1 DD),
0 W

Combined Coryat: $19,100

[game clues] [game scores] [suggest correction]

Game tape date: 1998-07-15
The J! Archive is created by fans, for fans. Scraping, republication, monetization, and malicious use prohibited; this site may use cookies and collect identifying information. See terms. The Jeopardy! game show and all elements thereof, including but not limited to copyright and trademark thereto, are the property of Jeopardy Productions, Inc. and are protected under law. This website is not affiliated with, sponsored by, or operated by Jeopardy Productions, Inc. Join the discussion at JBoard.tv.